|
|
|
|
| LEADER |
00000nas a2200000 i 4500 |
| 001 |
ssj0001454071 |
| 003 |
WaSeSS |
| 005 |
20200512172242.0 |
| 006 |
m d |
| 007 |
cr n |
| 008 |
110906c20129999nyuqr p s | a0eng |
| 010 |
|
|
|a 2011203269
|
| 022 |
|
|
|y 2163-3886
|
| 035 |
|
|
|a (WaSeSS)ssj0001454071
|
| 037 |
|
|
|b Nova Science Publishers, Inc., 400 Oser Ave., Suite 1600, Hauppauge, NY 11788
|
| 040 |
|
|
|a DLC
|b eng
|c DLC
|d DLC
|d OCLCQ
|d OCLCF
|d CUS
|d WaSeSS
|
| 042 |
|
|
|a pcc
|a nsdp
|
| 050 |
0 |
0 |
|a TP248.27.M37
|b B58
|
| 082 |
0 |
0 |
|a 660.6
|2 23
|
| 210 |
0 |
|
|a Blue biotechnol. j.
|
| 222 |
|
0 |
|a Blue biotechnology journal
|
| 245 |
0 |
0 |
|a Blue biotechnology journal
|h [electronic resource].
|
| 260 |
|
|
|a Hauppauge, New York :
|b Nova Science Publishers, Inc.,
|c 2012-
|
| 310 |
|
|
|a Quarterly
|
| 362 |
1 |
|
|a Began with: V. 1, issue 1 (2012).
|
| 506 |
|
|
|a License restrictions may limit access.
|
| 588 |
|
|
|a Description based on: V. 1, issue 1 (2012); title from cover.
|
| 588 |
|
|
|a Latest issue consulted: V. 1, issue 1 (2012).
|
| 650 |
|
0 |
|a Marine biotechnology
|v Periodicals.
|
| 650 |
|
7 |
|a Marine biotechnology.
|2 fast
|0 (OCoLC)fst01009475
|
| 655 |
|
0 |
|a Electronic journals.
|
| 710 |
2 |
|
|a Nova Science Publishers.
|
| 850 |
|
|
|a DLC
|
| 856 |
4 |
0 |
|z Full text available from Research Library: 01/01/2012 to 10/31/2014
|u https://search.proquest.com/publication/2034889
|